Food first:Beyond the myth of scarcity (Record no. 28628)

MARC details
000 -LEADER
fixed length control field 00280nam a2200109Ia 4500
082 ## - DEWEY DECIMAL CLASSIFICATION NUMBER
Classification number 338.436.32
Item number LAP
100 ## - MAIN ENTRY--AUTHOR NAME
Personal name LAPPE, F M
245 #0 - TITLE STATEMENT
Title Food first:Beyond the myth of scarcity
260 ## - PUBLICATION, DISTRIBUTION, ETC. (IMPRINT)
Place of publication Boston
Name of publisher Houghton
Year of publication 1977
942 ## - ADDED ENTRY ELEMENTS (KOHA)
Koha item type Books
Holdings
Withdrawn status Lost status Damaged status Not for loan Home library Current library Date acquired Full call number Accession Number Koha item type
        RRII Library RRII Library 16/12/2021 338.436.32 LAP 09225 Books